Japan's Shifting Status in the World and the Development of Japan's Medical Insurance Systems

This book explains the origins and early developments of Japanese medical insurance systems from the 1920s to the 1950s. It closely examines the changes in the systems and the symbiotic relationship between Japan's status in international relations and the development of domestic medical insura...

Full description

Bibliographic Details
Main Author: Sugita, Yoneyuki (Author, http://id.loc.gov/vocabulary/relators/aut)
Corporate Author: SpringerLink (Online service)
Format: Electronic eBook
Language:English
Published: Singapore : Springer Singapore : Imprint: Springer, 2019.
Edition:1st ed. 2019.
Subjects:
Online Access:Full Text via HEAL-Link
LEADER 03771nam a2200469 4500
001 978-981-13-1660-9
003 DE-He213
005 20191025061531.0
007 cr nn 008mamaa
008 181206s2019 si | s |||| 0|eng d
020 |a 9789811316609  |9 978-981-13-1660-9 
024 7 |a 10.1007/978-981-13-1660-9  |2 doi 
040 |d GrThAP 
050 4 |a RA418-418.5 
072 7 |a MBS  |2 bicssc 
072 7 |a SOC057000  |2 bisacsh 
072 7 |a MBS  |2 thema 
082 0 4 |a 306.461  |2 23 
100 1 |a Sugita, Yoneyuki.  |e author.  |4 aut  |4 http://id.loc.gov/vocabulary/relators/aut 
245 1 0 |a Japan's Shifting Status in the World and the Development of Japan's Medical Insurance Systems  |h [electronic resource] /  |c by Yoneyuki Sugita. 
250 |a 1st ed. 2019. 
264 1 |a Singapore :  |b Springer Singapore :  |b Imprint: Springer,  |c 2019. 
300 |a XV, 247 p. 1 illus.  |b online resource. 
336 |a text  |b txt  |2 rdacontent 
337 |a computer  |b c  |2 rdamedia 
338 |a online resource  |b cr  |2 rdacarrier 
347 |a text file  |b PDF  |2 rda 
505 0 |a Chapter 1: The 1922 Japanese Health Insurance Law - Toward a Corporatist Framework -- Chapter 2: The 1922 Japanese Health Insurance Law - Toward a Corporatist Framework #2: Medical Association -- Chapter 3: Toward National Mobilization - The Establishment of National Health Insurance -- Chapter 4: Japan's Epoch-Making Healthcare Reforms of 1942 - Toward Universal Health Coverage -- Chapter 5: "Isolation" from the International Community and State of "Let a Hundred Schools of Thought Contend" under the Allied Occupation -- Chapter 6: Dodge Line -- Chapter 7: Reexamination of the "Recommendation with Respect to a Social Security System" of 1950 -- Conclusion. 
520 |a This book explains the origins and early developments of Japanese medical insurance systems from the 1920s to the 1950s. It closely examines the changes in the systems and the symbiotic relationship between Japan's status in international relations and the development of domestic medical insurance systems. While previous studies have regarded the origins and development of Japanese medical insurance systems as merely a domestic issue and pay little attention to the role or effects of international affairs, this book closely examines the changes in these systems by looking at the enactment of the Health Insurance Law in 1922, the establishment of the National Health Insurance in 1938, the epoch-making reforms of 1942, numerous plans in the early Allied occupation period, and Japan's social security plan in 1950. In doing so, it shows that there was indeed a symbiotic relationship between Japan's status in international relations and the changing nature of domestic medical insurance systems. It also reveals that Japan's status in international relations set the framework within which interested groups, primarily the government, made rational choices. This book is a valuable resource for academics, researchers and students who have an interest in the Japanese medical insurance systems. 
650 0 |a Social medicine. 
650 0 |a Ethnology. 
650 0 |a Medicine-History. 
650 1 4 |a Medical Sociology.  |0 http://scigraph.springernature.com/things/product-market-codes/X22150 
650 2 4 |a Cultural Anthropology.  |0 http://scigraph.springernature.com/things/product-market-codes/411060 
650 2 4 |a History of Medicine.  |0 http://scigraph.springernature.com/things/product-market-codes/H64000 
710 2 |a SpringerLink (Online service) 
773 0 |t Springer eBooks 
776 0 8 |i Printed edition:  |z 9789811316593 
776 0 8 |i Printed edition:  |z 9789811316616 
856 4 0 |u https://doi.org/10.1007/978-981-13-1660-9  |z Full Text via HEAL-Link 
912 |a ZDB-2-SLS 
950 |a Social Sciences (Springer-41176)